| 000 | 00471nam a2200157 a 4500 | ||
|---|---|---|---|
| 001 | 2188 | ||
| 003 | CDMR | ||
| 005 | 20130301113723.0 | ||
| 008 | 130130s1983||||||||||||||||||||||||||||d | ||
| 040 |
_aCDMR _bcat _cCDMR |
||
| 100 | 1 |
_aMiret i Sole, Maria Teresa _91628 |
|
| 245 | 1 | 3 |
_aLa premsa a Igualada _cMaria-Teresa Miret i Solé _b(1808?-1982) |
| 260 |
_aBarcelona _c1983 _bDepartament de Cultura de la Generalitat de Catalunya |
||
| 300 |
_a2 v. ; _c18 cm |
||
| 942 |
_cMON _2udc |
||
| 999 |
_c2188 _d2188 |
||